A Contract Journal contractors` guide to the JCT Intermediate Form of Building Contract 1984 edition (IFC 84) (Record no. 94905)

MARC details
000 -LEADER
fixed length control field 00669cam a2200205 4500
008 - FIXED-LENGTH DATA ELEMENTS--GENERAL INFORMATION
fixed length control field 090401t1984 xxu||||| |||| 00| 0 eng d
020 ## - INTERNATIONAL STANDARD BOOK NUMBER
International Standard Book Number 0617003971
035 ## - SYSTEM CONTROL NUMBER
System control number (Sirsi) u66597
041 ## - LANGUAGE CODE
Language code of text/sound track or separate title eng
050 ## - LIBRARY OF CONGRESS CALL NUMBER
Classification number 692.8
100 ## - MAIN ENTRY--PERSONAL NAME
Personal name Powell-Smith, Vincent
245 #2 - TITLE STATEMENT
Title A Contract Journal contractors` guide to the JCT Intermediate Form of Building Contract 1984 edition (IFC 84)
260 ## - PUBLICATION, DISTRIBUTION, ETC.
Place of publication, distribution, etc. Sutton, Surrey
Name of publisher, distributor, etc. Agriculture and Construction Press
Date of publication, distribution, etc. 1984
300 ## - PHYSICAL DESCRIPTION
Extent 36p. ; 30cm.
350 ## - PRICE (NR) (BK AM CF MU VM SE) [OBSOLETE]
Price 9
650 ## - SUBJECT ADDED ENTRY--TOPICAL TERM
Topical term or geographic name entry element BUILT ENVIRONMENT-BUILDING CONTRACT FORMS
650 ## - SUBJECT ADDED ENTRY--TOPICAL TERM
Topical term or geographic name entry element JCT INTERMEDIATE FORM OF BUILDING CONTRACT (1984 EDITION)
942 ## - ADDED ENTRY ELEMENTS (KOHA)
Suppress in OPAC 0
948 ## - LOCAL PROCESSING INFORMATION (OCLC); SERIES PART DESIGNATOR (RLIN)
c (OCLC) 04/03/1997
Holdings
Withdrawn status Lost status Source of classification or shelving scheme Damaged status Not for loan Home library Current library Shelving location Date acquired Cost, normal purchase price Total Checkouts Full call number Barcode Date last seen Date last checked out Copy number Cost, replacement price Price effective from Koha item type
    Dewey Decimal Classification     London London Basement 14/09/1999 9.00 1 SHELF 328 30018352 06/08/2019 18/09/2001 1 9.00 06/08/2019 Book